000 00941nam a22002535i 4500
001 155548
003 ES-MaACL
005 20260616130212.0
008 001130s1796 fr |||| | fre d
040 _aAN
_bspa
_cAN
100 0 _aHomero
_964112
245 1 2 _aL'Iliade d'Homere
_b: avec des remarques /
_cprécédée de réflexions sur Homere & sur la traduction des potes par M. Bitaub ... ; tome second.
250 _aTroisieme édition.
260 _aA Lyon :
_bchez Bruyset & Ce.,
_c1796.
300 _a[4], 267 p. ;
_c12º.
594 1 _aTít. en antep.: "Oeuures d'Homere, tome second"
595 1 _aDatos de ed. preceden a "tome second"
597 1 _aSign.: []\p2\s, A-O\p12/6\s, P\p8\s.
597 1 _aPort. con grab. xil.
752 _aFrancia -
_dLyon
852 _aES-MaACL
_jR-1677-88
_z-- Enc. pasta española
_x-- Edic.: Corregir "Bitaub" por "Bitaubé"
_xOlim: F-625-36
999 _c155548
_d155548